| 000 | 00911nam a2200361 a 4500 | ||
|---|---|---|---|
| 003 | AR-BaBNM | ||
| 005 | 20251128203619.0 | ||
| 008 | 082120s2002 ||||||||||||||000 | spa|| | ||
| 040 | _cAR-BaBNM | ||
| 100 | 1 | _aReyes, Alfonso | |
| 245 | 0 | 0 | _aTertulia de Madrid |
| 250 | _a1ª ed. | ||
| 260 |
_aBuenos Aires _bEspasa-Calpe _c1949 |
||
| 300 | _a145 p. | ||
| 490 | 0 |
_aAustral _vv. 901 |
|
| 600 | 0 | 4 | _aAzorín |
| 600 | 1 | 4 | _aJiménez, Juan Ramón |
| 600 | 1 | 4 | _aValle Inclan, Ramón Del |
| 600 | 1 | 4 | _aGómez de la Serna, Ramón |
| 600 | 1 | 4 | _aPérez Galdós, Benito |
| 600 | 1 | 4 | _aDarío, Rubén |
| 650 | 4 | _aCRITICA LITERARIA | |
| 650 | 4 | _aLITERATURA ESPAÑOLA | |
| 650 | 4 | _aESCRITORES | |
| 650 | 4 | _aHISTORIA LITERARIA | |
| 653 | _aGENERACION DE 1898 | ||
| 653 | _aMODERNISMO | ||
| 653 | _aDECADENTISMO | ||
| 653 | _aSIMBOLISMO | ||
| 655 | _aLITERATURA | ||
| 942 | _cBK | ||
| 998 | _cMARTIN | ||
| 999 |
_c4137 _d4137 |
||